Chin deshar sadhu (Record no. 4012)

MARC details
000 -LEADER
fixed length control field 00542cam a2200217ua 4500
001 - CONTROL NUMBER
control field 4194
005 - DATE AND TIME OF LATEST TRANSACTION
control field 20260515113812.0
008 - FIXED-LENGTH DATA ELEMENTS--GENERAL INFORMATION
fixed length control field 111220n ii |||gr||||Z||||||asm
020 ## - INTERNATIONAL STANDARD BOOK NUMBER
International Standard Book Number 81-7665-268-7
040 ## - CATALOGING SOURCE
Transcribing agency MAIN
082 ## - DEWEY DECIMAL CLASSIFICATION NUMBER
Classification number 891.4513
100 1# - MAIN ENTRY--PERSONAL NAME
Personal name Phukan, Supriti,
245 11 - TITLE STATEMENT
Title Chin deshar sadhu
Statement of responsibility, etc. by Supriti Phukan
250 ## - EDITION STATEMENT
Edition statement 1st.
260 ## - PUBLICATION, DISTRIBUTION, ETC.
Place of publication, distribution, etc. Guwahati:
Name of publisher, distributor, etc. Students stores,
Date of publication, distribution, etc. 2005.
300 ## - PHYSICAL DESCRIPTION
Extent 154p:
Dimensions 23cm.
653 ## - INDEX TERM--UNCONTROLLED
Uncontrolled term Assamese short stories
653 ## - INDEX TERM--UNCONTROLLED
Uncontrolled term Chin deshar sadhu
700 1# - ADDED ENTRY--PERSONAL NAME
Personal name Phukan, Sarat Kumar,
942 ## - ADDED ENTRY ELEMENTS (KOHA)
Koha item type Books
Holdings
Withdrawn status Lost status Damaged status Not for loan Home library Current library Shelving location Date acquired Total checkouts Full call number Barcode Date last seen Date last checked out Copy number Price effective from Koha item type
        Naharkatiya College Library Naharkatiya College Library General stacks 09/19/2020 2 891.4513 | PHU 16958 03/03/2025 02/26/2025 1 09/19/2020 Books